Internet marketing & e-commerce / (Record no. 2220)

000 -LEADER
fixed length control field 01087cam a22003377a 4500
001 - CONTROL NUMBER
control field 14762865
003 - CONTROL NUMBER IDENTIFIER
control field OSt
005 - DATE AND TIME OF LATEST TRANSACTION
control field 20160629193320.0
008 - FIXED-LENGTH DATA ELEMENTS--GENERAL INFORMATION
fixed length control field 070308s2007 at a b 001 0 eng d
010 ## - LIBRARY OF CONGRESS CONTROL NUMBER
LC control number 2006908239
020 ## - INTERNATIONAL STANDARD BOOK NUMBER
International Standard Book Number 0324074778 (pbk. )
020 ## - INTERNATIONAL STANDARD BOOK NUMBER
International Standard Book Number 9780324074772 (pbk. )
035 ## - SYSTEM CONTROL NUMBER
System control number (OCoLC)ocm77645445
035 ## - SYSTEM CONTROL NUMBER
System control number (OCoLC)77645445
040 ## - CATALOGING SOURCE
Original cataloging agency CNU
Transcribing agency CNU
Modifying agency YDXCP
-- DLC
042 ## - AUTHENTICATION CODE
Authentication code lccopycat
050 00 - LIBRARY OF CONGRESS CALL NUMBER
Classification number HF5415.1265.H358 2007
100 1# - MAIN ENTRY--PERSONAL NAME
Personal name Hanson, Ward A.
245 10 - TITLE STATEMENT
Title Internet marketing & e-commerce /
Statement of responsibility, etc Ward A. Hanson, Kirthi Kalyanam.
246 3# - VARYING FORM OF TITLE
Title proper/short title Internet marketing and e-commerce
250 ## - EDITION STATEMENT
Edition statement Student ed.
260 ## - PUBLICATION, DISTRIBUTION, ETC. (IMPRINT)
Place of publication, distribution, etc Australia ;
-- Mason, OH :
Name of publisher, distributor, etc Thomson/South-Western,
Date of publication, distribution, etc c2007.
300 ## - PHYSICAL DESCRIPTION
Extent xiii, 642 p. :
Other physical details col. ill ;
Dimensions 25 cm.
504 ## - BIBLIOGRAPHY, ETC. NOTE
Bibliography, etc Includes bibliographical references (p. [605]-622) and index
650 #0 - SUBJECT ADDED ENTRY--TOPICAL TERM
Topical term or geographic name as entry element Internet marketing.
650 #0 - SUBJECT ADDED ENTRY--TOPICAL TERM
Topical term or geographic name as entry element Electronic commerce.
700 1# - ADDED ENTRY--PERSONAL NAME
Personal name Kalyanam, Kirthi.
906 ## - LOCAL DATA ELEMENT F, LDF (RLIN)
a 7
b cbc
c copycat
d 3
e ncip
f 20
g y-gencatlg
942 ## - ADDED ENTRY ELEMENTS (KOHA)
Source of classification or shelving scheme
Koha item type Book
Holdings
Withdrawn status Lost status Source of classification or shelving scheme Damaged status Not for loan Home library Current library Shelving location Date acquired Total Checkouts Full call number Barcode Date last seen Date checked out Copy number Price effective from Koha item type
          Riara University Library Riara University Library General stack 29/06/2016 1 HF5415.1265.H358 2007 6946/16 06/11/2017 31/10/2017 C.1 29/06/2016 Book
          Riara University Library Riara University Library General stack 18/07/2016   HF5415.126.H358 2007 7466/16 18/07/2016   C.2 18/07/2016 Book

Riara University Library,
P.O. Box 49940-00100,
Nairobi, Kenya.